[Event "Windsor NAYCC U08"]
[Site "Windsor"]
[Date "2016.08.09"]
[Round "4.170"]
[White "Nakada, Johji David"]
[Black "Chang, Alexander Rz"]
[Result "1-0"]
[WhiteElo "1424"]
[BlackElo "1192"]
[PlyCount "79"]
[EventDate "2016.08.07"]
[EventType "swiss"]
[EventRounds "9"]
[EventCountry "CAN"]
[SourceTitle "EXT 2022"]
[Source "ChessBase"]
[SourceDate "2021.10.06"]
[SourceVersion "1"]
[SourceVersionDate "2021.10.06"]
[SourceQuality "1"]

1. e4 e5 2. Nf3 Nc6 3. Bb5 a6 4. Bxc6 dxc6 5. 0-0 Bd6 6. d4 Bg4 7. dxe5 Bxf3 8. Qxf3 Bxe5 9. Nc3 Nf6 10. Bg5 0-0 11. Rad1 Qe8 12. Rfe1 Qe6 13. Bxf6 Qxf6 14. Qxf6 Bxf6 15. f4 Bxc3 16. bxc3 Rad8 17. Rd3 Rd6 18. e5 Rd5 19. Red1 Rfd8 20. c4 Rxd3 21. Rxd3 Rxd3 22. cxd3 c5 23. g4 c6 24. a4 Kf8 25. Kf2 Ke7 26. Ke3 f6 27. Ke4 b5 28. exf6+ gxf6 29. axb5 cxb5 30. cxb5 axb5 31. Kd5 b4 32. Kc4 Kd6 33. h4 Ke6 34. h5 h6 35. Kb3 Kd5 36. g5 fxg5 37. fxg5 Ke6 38. g6 Kf6 39. d4 cxd4 40. Kxb4 1-0

[Event "Windsor NAYCC U08"]
[Site "Windsor"]
[Date "2016.08.07"]
[Round "1.168"]
[White "Zhang, William"]
[Black "Nakada, Johji David"]
[Result "0-1"]
[WhiteElo "608"]
[BlackElo "1424"]
[PlyCount "54"]
[EventDate "2016.08.07"]
[EventType "swiss"]
[EventRounds "9"]
[EventCountry "CAN"]
[SourceTitle "EXT 2022"]
[Source "ChessBase"]
[SourceDate "2021.10.06"]
[SourceVersion "1"]
[SourceVersionDate "2021.10.06"]
[SourceQuality "1"]

1. e4 c5 2. Nf3 e6 3. Nc3 Nc6 4. Bc4 Nf6 5. d3 d5 6. e5 Nd7 7. d4 dxc4 8. dxc5 Bxc5 9. Be3 Bxe3 10. fxe3 Ncxe5 11. Nxe5 Nxe5 12. Qxd8+ Kxd8 13. 0-0 Ke7 14. Rad1 Bd7 15. Ne4 Bc6 16. Nd6 Rhd8 17. Nf5+ exf5 18. Rxd8 Rxd8 19. b3 Rd2 20. Rc1 Rxg2+ 21. Kh1 Rxc2+ 22. Kg1 Rxc1+ 23. Kf2 Rc2+ 24. Kg3 Rg2+ 25. Kh3 Rg4 26. e4 Bxe4 27. bxc4 Bg2# 0-1